Clinical audio-vestibulometry for otologists and neurologists / (Record no. 41823)

MARC details
000 -LEADER
fixed length control field 00910nam a22002417a 4500
005 - DATE AND TIME OF LATEST TRANSACTION
control field 20100814112122.0
010 ## - LCCN (DPL NO)
LC control number ENG-100164
020 ## - INTERNATIONAL STANDARD BOOK NUMBER
Terms of availability 1595.00
International Standard Book Number 9788185578842
035 ## - SYSTEM CONTROL NUMBER
System control number EN-83696
037 ## - SOURCE OF ACQUISITION
Source of stock number/acquisition DBAD/PUB
082 ## - DEWEY DECIMAL CLASSIFICATION NUMBER
Classification number 617.89
100 ## - MAIN ENTRY--PERSONAL NAME
Personal name Biswas, Anirban
245 ## - TITLE STATEMENT
Title Clinical audio-vestibulometry for otologists and neurologists /
Statement of responsibility, etc by Anirban Biswas
250 ## - EDITION STATEMENT
Edition statement 4th ed
260 ## - PUBLICATION, DISTRIBUTION, ETC. (IMPRINT)
Place of publication, distribution, etc Mumbai
Name of publisher, distributor, etc Bhalani Publishing House
Date of publication, distribution, etc 2009
270 ## - ADDRESS
Address 11 Mavawala Building Opp. K. E. M. Hospital Parel
City Mumbai
Postal code 400012
300 ## - PHYSICAL DESCRIPTION
Extent xii, 272p.:
Dimensions 29cm (Hb)
500 ## - GENERAL NOTE
General note Includes bibliogaphical references and index
650 ## - SUBJECT ADDED ENTRY--TOPICAL TERM
Topical term or geographic name as entry element Audiometry
650 ## - SUBJECT ADDED ENTRY--TOPICAL TERM
Topical term or geographic name as entry element Vestifular function test
942 ## - ADDED ENTRY ELEMENTS (KOHA)
Source of classification or shelving scheme Dewey Decimal Classification
Item type English Books
Classification part 617.89
Call number suffix BIS
Holdings
Withdrawn status Lost status Not for loan Collection code Home library Current library Date acquired Source of acquisition Cost, normal purchase price Full call number Barcode Copy number Cost, replacement price Koha item type
    Not For Loan Non-fiction D.B.Act.Division D.B.Act.Division 14/08/2010 DBAD/PUB 1595.00 617.89 BIS EN-83696 1 1595.00 English Books

© Delhi Public Library
Hit Counter
free hit counter